Discussion, conference, and group process.
Gorde:
| Egile nagusia: | |
|---|---|
| Formatua: | Liburua |
| Hizkuntza: | gaztelania |
| Gaiak: | |
| Etiketak: |
Etiketarik gabe, Izan zaitez lehena erregistro honi etiketa jartzen!
|
MARC
| LEADER | 00000cam^a2200000uu^4500 | ||
|---|---|---|---|
| 001 | 000473509 | ||
| 005 | 20250521000000.0 | ||
| 008 | 050901s1963^^^^^^^^^^^^rd^r^^000^0^spa^d | ||
| 009 | 20260310124715.607 | ||
| 035 | |a FCE 000016346 | ||
| 035 | |a FCE 013124 | ||
| 037 | |a Acervo ITESO - Biblioteca | ||
| 041 | |a spa | ||
| 082 | 0 | 4 | |a 808.53 |b GULd |
| 100 | |a Gulley, Halbert E. |e (autor) | ||
| 245 | 1 | 0 | |a Discussion, conference, and group process. |
| 264 | |a [s.l.] : |b Holt, Rinehart and Winston, |c 1963. | ||
| 300 | |a 388 p. | ||
| 336 | |a texto |b txt |2 rdacontenido | ||
| 337 | |a sin mediación |b n |2 rdamedio | ||
| 338 | |a volumen |b nc |2 rdasoporte | ||
| 649 | |a XX | ||
| 650 | |a Actitud | ||
| 650 | |a Participación de estudiantes | ||
| 910 | |a Fondo Centro de Estudios Educativos | ||
| 920 | |a Impresos - Libros | ||
| 930 | |a Fondos Especiales | ||
| 905 | |a 133 | ||
| 901 | |a ALE013124 |b IT2 |c CEE |u 20250521 | ||
| 902 | |a https://opac.biblio.iteso.mx/vufind/Record/000473509 | ||